000 00871cab a2200277 4500
001 ABS54596
008 090401t1996 xxu||||| |||| 00| 0 eng d
035 _a(Sirsi) u11264
041 _aeng
100 _aGordon, M.
245 _aProblems arising from the projections
260 _c1996
350 _a0
490 _aPlanning Week
_v4(7) 15 February 1996, 16-17(2)
520 _aExamines rising demand-led development in the south-east, arguing that continuing such an approach will lead to problems with the local environment and congestion.
650 _aCONGESTION
650 _aHOUSEHOLD PROJECTIONS
650 _aHOUSING DEVELOPMENT
650 _aSERPLAN
650 _aSOUTH EAST
650 _aSUSTAINABLE DEVELOPMENT
690 _aENVIRONMENTAL AND LAND CONSULTANCY
690 _aPLANNING LAW AND PRACTICE
942 _n0
948 _c04/03/1997
999 _c7169
_d7169